00554cam a22002051 45000010005000000030008000050050017000130080041000300350018000710350018000890400035001070410008001420820022001501000024001722450055001962600032002513000019002835040030003026500016003321008BD-RjUL20211208233249.0131124s1965 nyu b 000 0 eng d a(BD-RjUL)1030 a(OCoLC)334967 aDLCcOUdOCoLCdODaUdDLCbeng aeng a100216bJOW 19651 aJohnstone, Henry W.10aWhat is philosophy ?c[By] Henry W. Johnstone, Jr. aNew York,bMacmillancc1965 a118 p.c21 cm. aBibliography: p. 117-118. 0aPhilosophy.